• 首页
  • 本馆介绍
  • 公告通知
  • 最新文献
  • 馆藏检索
  • 电子资源
  • 读者导购
  • 参考咨询
  • 我的图书馆
  • 登录
  • 详细信息显示
  • 放入我的书架
  • 预约/预借图书
  • 作者相关作品
  • 分类相关作品
  • 丛书相关作品
  • 出版社相关作品

书目信息

  • 表格格式
  • 工作单格式
  • 卡片格式
题名:
会展风险管理
    
 
作者: 杨顺勇 , 牛淑珍 , 施谊 主编
分册:  
出版信息: 北京   化学工业出版社  2007
页数: 190页
开本: 24cm
丛书名:
单 册:
中图分类: G245
科图分类:
主题词: 展览会--管理--高等学校--教材 , 展览会
电子资源:
ISBN: 978-7-122-00674-5
000 01150nam0 2200289 45
001 1029959636
005 20100428151254.39
010    @a978-7-122-00674-5@dCNY21.00
100    @a20100420d2007 em y0chiy0121 ea
101 0  @achi
102    @aCN@b110000
105    @ay z 000yy
106    @ar
200 1  @a会展风险管理@AHui Zhan Feng Xian Guan Li@f杨顺勇, 牛淑珍, 施谊主编@FYang Shun Yong , Niu Shu Zhen , Shi Yi Zhu Bian
210    @a北京@c化学工业出版社@d2007
215    @a190页@d24cm
300    @a上海市会展策划与设计本科教育高地会展经济与管理系列教材
300    @a普通高等教育“十一五”规划教材
330    @a本书对会展风险管理的基本概念,会展风险管理的整个过程,会展风险识别、会展风险衡量、会展风险处理的基本方法,会展风险控制、会展风险财务处理、会展风险的保险转移的基本方法和特点,会展风险管理决策的基本方法,会展风险管理信息系统等内容进行了系统地论述。
606 0  @a展览会@x管理@x高等学校@j教材
606 0  @a展览会
690    @aG245@v4
701  0 @a杨顺勇@AYang Shun Yong@4主编
701  0 @a牛淑珍@ANiu Shu Zhen@4主编
701  0 @a施谊@AShi Yi@4主编
801  0 @aCN@bTANGWEI@c20100428
905    @b0594886-89@dG245@e11@f4
    
    会展风险管理/杨顺勇, 牛淑珍, 施谊主编.-北京:化学工业出版社,2007
    190页;24cm
    上海市会展策划与设计本科教育高地会展经济与管理系列教材.-普通高等教育“十一五”规划教材
    
    ISBN 978-7-122-00674-5:CNY21.00
    本书对会展风险管理的基本概念,会展风险管理的整个过程,会展风险识别、会展风险衡量、会展风险处理的基本方法,会展风险控制、会展风险财务处理、会展风险的保险转移的基本方法和特点,会展风险管理决策的基本方法,会展风险管理信息系统等内容进行了系统地论述。
●
相关链接 在E读中查询图书 在五车中查询图书 在当当中查询图书 在豆瓣中查询图书


正题名:会展风险管理     索取号:G245/11         预约/预借

序号 登录号 条形码 馆藏地/架位号 状态 备注
1 0594886   205948867   第一样本阅览室/ [索取号:G245/11] 在馆    
2 0594887   205948876   第四借阅区/ [索取号:G245/11] 在馆    
3 0594888   205948885   第四借阅区/ [索取号:G245/11] 在馆    
4 0594889   205948894   第四借阅区/ [索取号:G245/11] 在馆    
唐山师范学院图书馆 欢迎您!
大连网信软件有限公司© 版权所有